<?xml version="1.0" encoding="UTF-8"?>
<record
    xmlns:xsi="http://www.w3.org/2001/XMLSchema-instance"
    xsi:schemaLocation="http://www.loc.gov/MARC21/slim http://www.loc.gov/standards/marcxml/schema/MARC21slim.xsd"
    xmlns="http://www.loc.gov/MARC21/slim">

  <leader>01010cam a2200229 a 4500</leader>
  <controlfield tag="001">82517</controlfield>
  <controlfield tag="003">BD-RjUL</controlfield>
  <controlfield tag="005">20231221122947.0</controlfield>
  <controlfield tag="008">231221q19801984ua       b    000 0 ara  </controlfield>
  <datafield tag="035" ind1=" " ind2=" ">
    <subfield code="a">(BD-RjUL)82517</subfield>
  </datafield>
  <datafield tag="040" ind1=" " ind2=" ">
    <subfield code="a">DLC-R</subfield>
    <subfield code="c">DLC-R</subfield>
    <subfield code="b">eng</subfield>
  </datafield>
  <datafield tag="041" ind1=" " ind2=" ">
    <subfield code="a">ara</subfield>
  </datafield>
  <datafield tag="082" ind1=" " ind2=" ">
    <subfield code="2">23</subfield>
    <subfield code="b">1980</subfield>
  </datafield>
  <datafield tag="100" ind1="1" ind2=" ">
    <subfield code="a">&#x628;&#x64A;&#x631;&#x648;&#x646;&#x64A;&#x60C; &#x645;&#x62D;&#x645;&#x62F; &#x628;&#x646; &#x623;&#x62D;&#x645;&#x62F;.  ;; B&#x12B;r&#x16B;n&#x12B;, Mu&#x1E25;ammad ibn A&#x1E25;mad,</subfield>
    <subfield code="d">973?-1048.</subfield>
    <subfield code="9">10648</subfield>
  </datafield>
  <datafield tag="245" ind1="1" ind2="0">
    <subfield code="a">&#x643;&#x62A;&#x627;&#x628; &#x627;&#x644;&#x62C;&#x645;&#x627;&#x647;&#x631; &#x641;&#x64A; &#x645;&#x639;&#x631;&#x641;&#x629; &#x627;&#x644;&#x62C;&#x648;&#x627;&#x647;&#x631; / ;; Kit&#x101;b al-jam&#x101;hir f&#x12B; ma&#x2BB;rifat al-jaw&#x101;hir /</subfield>
    <subfield code="c">&#x62A;&#x635;&#x646;&#x64A;&#x641; &#x623;&#x628;&#x64A; &#x627;&#x644;&#x631;&#x64A;&#x62D;&#x627;&#x646; &#x645;&#x62D;&#x645;&#x62F; &#x628;&#x646; &#x623;&#x62D;&#x645;&#x62F; &#x627;&#x644;&#x628;&#x64A;&#x631;&#x648;&#x646;&#x64A;.  ;;  ta&#x1E63;n&#x12B;f Ab&#x12B; al-Ray&#x1E25;&#x101;n Mu&#x1E25;ammad ibn A&#x1E25;mad al-B&#x12B;r&#x16B;n&#x12B;.</subfield>
  </datafield>
  <datafield tag="260" ind1=" " ind2=" ">
    <subfield code="a">&#x627;&#x644;&#x642;&#x627;&#x647;&#x631;&#x629; :   al-Q&#x101;hirah :</subfield>
    <subfield code="b">&#x645;&#x643;&#x62A;&#x628;&#x629; &#x627;&#x644;&#x645;&#x62A;&#x646;&#x628;&#x64A;&#x60C;  ;;  Maktabat al-Mutanabb&#x12B;,</subfield>
    <subfield code="c">1980</subfield>
  </datafield>
  <datafield tag="300" ind1=" " ind2=" ">
    <subfield code="a">273, 51 p. ;</subfield>
    <subfield code="c">25 cm.</subfield>
  </datafield>
  <datafield tag="504" ind1=" " ind2=" ">
    <subfield code="a">Includes bibliographical references.</subfield>
  </datafield>
  <datafield tag="650" ind1=" " ind2="0">
    <subfield code="a">Precious stones</subfield>
    <subfield code="x">Early works to 1800.</subfield>
    <subfield code="9">10649</subfield>
  </datafield>
  <datafield tag="650" ind1=" " ind2="0">
    <subfield code="a">Mineralogy</subfield>
    <subfield code="x">Early works to 1800.</subfield>
    <subfield code="9">10650</subfield>
  </datafield>
  <datafield tag="942" ind1=" " ind2=" ">
    <subfield code="2">ddc</subfield>
    <subfield code="c">BK</subfield>
  </datafield>
  <datafield tag="999" ind1=" " ind2=" ">
    <subfield code="c">82517</subfield>
    <subfield code="d">82517</subfield>
  </datafield>
  <datafield tag="952" ind1=" " ind2=" ">
    <subfield code="0">0</subfield>
    <subfield code="1">0</subfield>
    <subfield code="2">ddc</subfield>
    <subfield code="4">0</subfield>
    <subfield code="7">1</subfield>
    <subfield code="8">NFIC</subfield>
    <subfield code="a">RUCL</subfield>
    <subfield code="b">RUCL</subfield>
    <subfield code="c">Reading</subfield>
    <subfield code="d">1968-09-16</subfield>
    <subfield code="e">Zeitlinger</subfield>
    <subfield code="g">43.00</subfield>
    <subfield code="l">0</subfield>
    <subfield code="o">A 553.8 BIK 1980</subfield>
    <subfield code="r">2023-12-21 00:00:00</subfield>
    <subfield code="t">C-1</subfield>
    <subfield code="w">2023-12-21</subfield>
    <subfield code="y">BK</subfield>
  </datafield>
</record>
